Statistics for Guess the Taylor Swift song with no hint 77

Click here to take the quiz!

General Stats

  • This quiz has been taken 357 times
    (293 since last reset)
  • The average score is 248 of 323

Answer Stats

Answer% Correct
I
100%
the
99%
you
99%
You
99%
a
98%
it
97%
we
97%
We
97%
your
96%
and
95%
And
95%
me
95%
in
94%
on
94%
to
94%
when
94%
be
93%
do
93%
He
93%
he
93%
who
93%
is
92%
Is
92%
my
92%
I'm
90%
love
90%
like
89%
Like
89%
That
88%
that
88%
But
87%
it's
87%
all
86%
don't
86%
know
86%
this
84%
for
83%
why
83%
did
81%
As
80%
as
80%
said
80%
ever
78%
I've
78%
never
78%
think
78%
time
77%
'cause
76%
'Cause
76%
had
75%
up
74%
been
73%
didn't
73%
one
71%
again
70%
him
70%
off
70%
begin
68%
does
68%
got
68%
back
67%
get
67%
last
67%
out
67%
every
66%
you'd
66%
always
64%
here
64%
want
64%
watched
64%
down
62%
about
61%
head
61%
Wednesday
61%
cafe
60%
break
59%
end
59%
little
59%
Thinking
59%
first
58%
funny
58%
high
57%
kid
57%
laughing
56%
throw
56%
walk
56%
burn
55%
girl
55%
heels
55%
nice
55%
Took
55%
What's
55%
wore
55%
car
53%
many
53%
met
53%
months
53%
song
53%
strange
53%
eight
52%
pull
52%
talk
52%
tell
52%
chair
50%
records
50%
spending
50%
almost
49%
coming
49%
family
49%
put
49%
walked
49%
Walked
49%
help
48%
past
48%
stand
48%
breath
47%
Christmas
47%
deep
47%
James
47%
late
47%
mirror
47%
movies
47%
shy
47%
single
47%
start
47%
Taylor
47%
watches
47%
early
46%
brought
43%
headphones
43%
expecting
42%
Turn
42%
block
41%
lock
40%
stories
39%
wave
39%

Score Distribution

Percentile by Number Answered

Percent of People with Each Score

Your Score History

You have not taken this quiz since the last reset